00378nam a2200169Ia 4500003000400000005001700004008004100021020001400062040000700076041000800083082001500091100002300106245001200129260003800141300001600179365001300195OSt20230405095601.0210423s2005 xx 000 0 und d a393090922 cAL aeng a821.8 BROR aBROWNING (Robert). apoetry. aNew YorkbW W Norton & Co.,c2005 axvi,604bPB b225cINR